[Event "Matinhos Caioba op 9th"]
[Site "Matinhos"]
[Date "2025.07.03"]
[Round "6"]
[White "Hoffman, Alejandro"]
[Black "Peixoto, Rudson Marinho"]
[Result "1-0"]
[WhiteElo "2339"]
[BlackElo "1963"]
[PlyCount "77"]
[EventDate "2025.06.29"]
[EventType "swiss"]
[EventRounds "9"]
[EventCountry "BRA"]
[SourceTitle "CB28_2025"]
[SourceDate "2025.07.09"]
[SourceVersion "1"]
[SourceVersionDate "2025.07.09"]
[SourceQuality "1"]

1. d4 Nf6 2. c4 e6 3. Nf3 d5 4. Bg5 Be7 5. e3 b6 6. Nc3 0-0 7. Rc1 c5 8. dxc5 bxc5 9. cxd5 Qa5 10. Bc4 Ba6 11. Bxa6 Qxa6 12. dxe6 fxe6 13. Qe2 h6 14. Bf4 Nd5 15. Qxa6 Nxa6 16. Nxd5 exd5 17. 0-0 Nb4 18. Rcd1 Rad8 19. a3 Rxf4 20. exf4 Nc6 21. Rfe1 Bf6 22. Re6 Nd4 23. Nxd4 Bxd4 24. b4 Bb2 25. bxc5 Bxa3 26. Rd6 Rc8 27. R6xd5 Bxc5 28. Rd8+ Rxd8 29. Rxd8+ Kf7 30. Kf1 Ke7 31. Ra8 Kd7 32. Ke2 Kc7 33. Kd3 Bxf2 34. Rg8 Kb6 35. Rxg7 Kb5 36. f5 a5 37. f6 a4 38. f7 Bc5 39. Rg8 1-0

[Event "Matinhos Caioba op 9th"]
[Site "Matinhos"]
[Date "2025.06.29"]
[Round "1"]
[White "Predebon, Eduardo Angonesi"]
[Black "Hoffman, Alejandro"]
[Result "1/2-1/2"]
[WhiteElo "1807"]
[BlackElo "2339"]
[PlyCount "70"]
[EventDate "2025.06.29"]
[EventType "swiss"]
[EventRounds "9"]
[EventCountry "BRA"]
[SourceTitle "CB28_2025"]
[SourceDate "2025.07.09"]
[SourceVersion "1"]
[SourceVersionDate "2025.07.09"]
[SourceQuality "1"]

1. e4 c5 2. Nf3 g6 3. d4 Bg7 4. Nc3 cxd4 5. Nxd4 Nc6 6. Be3 Nf6 7. f3 0-0 8. Qd2 d5 9. Nxc6 bxc6 10. 0-0-0 Qc7 11. exd5 Nxd5 12. Nxd5 cxd5 13. Bh6 Bxh6 14. Qxh6 Rb8 15. h4 Qe5 16. c3 Bf5 17. Qd2 Rfc8 18. g4 Rxc3+ 19. Qxc3 Rc8 20. gxf5 Rxc3+ 21. bxc3 Qxc3+ 22. Kb1 Qxf3 23. Bd3 gxf5 24. Rhf1 Qh5 25. Bxf5 e6 26. Bc2 Qxh4 27. Rh1 Qb4+ 28. Ka1 a5 29. Rxh7 Qc3+ 30. Kb1 a4 31. Rg1+ Kf8 32. Bxa4 Qb4+ 33. Bb3 Qe4+ 34. Bc2 Qb4+ 35. Bb3 Qe4+ 1/2-1/2

[Event "Montevideo op 8th"]
[Site "Montevideo"]
[Date "2025.02.02"]
[Round "3"]
[White "Hoffman, Alejandro"]
[Black "Bauza, Alejandro"]
[Result "1-0"]
[WhiteElo "2368"]
[BlackElo "2116"]
[PlyCount "65"]
[EventDate "2025.01.31"]
[EventType "swiss"]
[EventRounds "9"]
[EventCountry "URU"]
[SourceTitle "CB08_2025"]
[SourceDate "2025.02.19"]
[SourceVersion "1"]
[SourceVersionDate "2025.02.19"]
[SourceQuality "1"]

1. Nf3 Nf6 2. c4 c5 3. Nc3 Nc6 4. d4 cxd4 5. Nxd4 g6 6. e4 d6 7. Be2 Bg7 8. Be3 0-0 9. 0-0 Bd7 10. h3 Nxd4 11. Bxd4 Bc6 12. Qc2 a5 13. Rad1 Qc7 14. b3 Nd7 15. Bxg7 Kxg7 16. a3 Kg8 17. Rd2 b6 18. Re1 Rfd8 19. Nd5 Bxd5 20. exd5 Nf6 21. a4 Ra7 22. Bd1 Rd7 23. g4 Qd8 24. g5 Ne8 25. Bg4 Rdc7 26. h4 Ng7 27. f4 f5 28. Bf3 Qf8 29. Rh2 h5 30. gxh6 Ne8 31. Rg2 Qf6 32. Qf2 e5 33. h5 1-0

[Event "Florianopolis op 11th"]
[Site "Florianopolis"]
[Date "2025.01.24"]
[Round "8"]
[White "Hoffman, Alejandro"]
[Black "Delgado Ramirez, Neuris"]
[Result "0-1"]
[WhiteElo "2368"]
[BlackElo "2493"]
[PlyCount "50"]
[EventDate "2025.01.18"]
[EventType "swiss"]
[EventRounds "10"]
[EventCountry "BRA"]
[SourceTitle "CB05_2025"]
[SourceDate "2025.01.29"]
[SourceVersion "1"]
[SourceVersionDate "2025.01.29"]
[SourceQuality "1"]

1. Nf3 d5 2. c4 d4 3. e3 Nc6 4. exd4 Nxd4 5. Nxd4 Qxd4 6. Nc3 c6 7. Be2 Nh6 8. 0-0 g6 9. d3 Bg7 10. Be3 Qd8 11. g4 f5 12. h3 e5 13. f3 Nf7 14. Re1 h5 15. gxf5 gxf5 16. Bf1 Rg8 17. Kh1 Be6 18. Qe2 Qd7 19. Rad1 f4 20. Bxf4 Bxh3 21. d4 Bxf1 22. Qxf1 0-0-0 23. dxe5 Qf5 24. Bh2 Bxe5 25. Rxd8+ Rxd8 0-1

[Event "Florianopolis op 11th"]
[Site "Florianopolis"]
[Date "2025.01.19"]
[Round "2"]
[White "Hoffman, Alejandro"]
[Black "Kruger, Israel"]
[Result "1-0"]
[WhiteElo "2368"]
[BlackElo "1970"]
[PlyCount "91"]
[EventDate "2025.01.18"]
[EventType "swiss"]
[EventRounds "10"]
[EventCountry "BRA"]
[SourceTitle "CB05_2025"]
[SourceDate "2025.01.29"]
[SourceVersion "1"]
[SourceVersionDate "2025.01.29"]
[SourceQuality "1"]

1. g3 g6 2. Bg2 Bg7 3. d4 d5 4. Nf3 Nf6 5. 0-0 c6 6. b3 0-0 7. Bb2 a5 8. c4 a4 9. Na3 axb3 10. axb3 e6 11. Qc2 Re8 12. Rfd1 Nbd7 13. e3 h6 14. b4 dxc4 15. Nxc4 Rxa1 16. Bxa1 Nb6 17. Nce5 Nbd5 18. Rb1 Nc7 19. Bc3 Nb5 20. Bb2 Nd5 21. Bc1 Qe7 22. Nd3 Rd8 23. Rb3 Bd7 24. h4 Be8 25. Bb2 Ra8 26. Nfe5 f6 27. Nc4 g5 28. hxg5 hxg5 29. e4 Ndc7 30. Nc5 Rb8 31. Nb6 Na8 32. Nxa8 Rxa8 33. d5 Bg6 34. dxc6 bxc6 35. Rd3 Ra7 36. Qd1 Kh7 37. Bh3 f5 38. Bxg7 Kxg7 39. exf5 Bxf5 40. Bxf5 exf5 41. Re3 Qf6 42. Kg2 Rf7 43. Re8 Nc3 44. Qh5 Ne4 45. Nd7 Qh6 46. Rg8+ 1-0

[Event "Manaus op"]
[Site "Manaus"]
[Date "2024.10.14"]
[Round "6"]
[White "Delgado Ramirez, Neuris"]
[Black "Hoffman, Alejandro"]
[Result "1-0"]
[WhiteElo "2496"]
[BlackElo "2356"]
[PlyCount "77"]
[EventDate "2024.10.11"]
[EventType "swiss"]
[EventRounds "9"]
[EventCountry "BRA"]
[SourceTitle "CB43_2024"]
[Source "Chessbase"]
[SourceDate "2024.10.23"]
[SourceVersion "1"]
[SourceVersionDate "2024.10.23"]
[SourceQuality "1"]

1. e4 d6 2. d4 Nf6 3. Nc3 e5 4. Nf3 Nbd7 5. Rg1 c6 6. g4 g6 7. g5 Nh5 8. Be3 b5 9. a3 a6 10. h4 Qc7 11. Qd2 Be7 12. Be2 Rb8 13. Nh2 Nb6 14. b3 Ng7 15. d5 c5 16. a4 bxa4 17. Nxa4 f5 18. gxf6 Bxf6 19. Nxb6 Rxb6 20. Nf3 Rb4 21. Bc4 Nh5 22. Ng5 Bxg5 23. Rxg5 0-0 24. c3 Rb8 25. Rxe5 Qf7 26. Re6 Qf3 27. Qe2 Qh1+ 28. Qf1 Qxh4 29. 0-0-0 Bxe6 30. dxe6 Qxe4 31. e7+ Rf7 32. Rxd6 Qxe7 33. Qd1 Kh8 34. Bxc5 Rf5 35. Bd4+ Ng7 36. Qd2 Re8 37. Kb2 a5 38. Rxg6 Re5 39. Rxg7 1-0

[Event "Manaus op"]
[Site "Manaus"]
[Date "2024.10.14"]
[Round "5"]
[White "Hoffman, Alejandro"]
[Black "Cubas, Jose Fernando"]
[Result "1/2-1/2"]
[WhiteElo "2356"]
[BlackElo "2412"]
[PlyCount "99"]
[EventDate "2024.10.11"]
[EventType "swiss"]
[EventRounds "9"]
[EventCountry "BRA"]
[SourceTitle "CB43_2024"]
[Source "Chessbase"]
[SourceDate "2024.10.23"]
[SourceVersion "1"]
[SourceVersionDate "2024.10.23"]
[SourceQuality "1"]

1. g3 e5 2. Bg2 Nf6 3. d3 Nc6 4. c4 g6 5. Nc3 Bg7 6. e4 0-0 7. Nge2 d6 8. h3 Nd7 9. 0-0 Nc5 10. Be3 Nd4 11. f4 a5 12. Qd2 c6 13. Rf2 Be6 14. Kh2 f5 15. exf5 Bxf5 16. Bxd4 exd4 17. Ne4 Qe7 18. Nxc5 dxc5 19. Rd1 Rae8 20. Nc1 Qc7 21. Re2 g5 22. Rde1 Re3 23. Rxe3 dxe3 24. Qxe3 gxf4 25. Qxf4 Qxf4 26. gxf4 Bxb2 27. Nb3 Bxd3 28. Nxc5 Bxc4 29. Nxb7 Bd5 30. Bxd5+ cxd5 31. Nxa5 Bc3 32. Rg1+ Kh8 33. Nc6 d4 34. Ne5 Rxf4 35. Rg4 Rf5 36. Nd3 Ra5 37. Rg2 h6 38. Kg3 Rg5+ 39. Kf3 Rf5+ 40. Ke4 Ra5 41. Nf4 Ra8 42. Nd5 Ba1 43. h4 Ra4 44. Kd3 Ra3+ 45. Kc4 d3 46. Rd2 Ra4+ 47. Nb4 Bf6 48. Kb5 Ra3 49. h5 Bc3 50. Rxd3 1/2-1/2

[Event "Manaus op"]
[Site "Manaus"]
[Date "2024.10.13"]
[Round "4"]
[White "Flom, Gabriel"]
[Black "Hoffman, Alejandro"]
[Result "1/2-1/2"]
[WhiteElo "2460"]
[BlackElo "2356"]
[PlyCount "93"]
[EventDate "2024.10.11"]
[EventType "swiss"]
[EventRounds "9"]
[EventCountry "BRA"]
[SourceTitle "CB43_2024"]
[Source "Chessbase"]
[SourceDate "2024.10.23"]
[SourceVersion "1"]
[SourceVersionDate "2024.10.23"]
[SourceQuality "1"]

1. d4 d5 2. c4 e6 3. Nc3 Nf6 4. cxd5 exd5 5. Bg5 Be7 6. e3 0-0 7. Bd3 c6 8. Qc2 Nbd7 9. Nf3 Re8 10. 0-0 g6 11. Rab1 Nh5 12. Bxe7 Qxe7 13. b4 Nb6 14. b5 c5 15. dxc5 Qxc5 16. Rbc1 Bg4 17. Nd4 Rac8 18. h3 Bd7 19. Qb3 Qd6 20. Rfe1 Ng7 21. a4 Ne6 22. Nxe6 Bxe6 23. Qb2 Nc4 24. Bxc4 Rxc4 25. Qa1 Qb4 26. Ne2 Qxa4 27. Rxc4 Qxc4 28. Nd4 Qc5 29. Rc1 Qb6 30. Nxe6 fxe6 31. Qe5 Qd8 32. Rc7 Re7 33. Rxe7 Qxe7 34. Qb8+ Kf7 35. Qxa7 Qd7 36. Qc5 e5 37. Kf1 Ke6 38. Qb6+ Kf5 39. g4+ Kg5 40. Kg2 h5 41. f4+ exf4 42. exf4+ Kxf4 43. Qd4+ Kg5 44. Qe5+ Kh6 45. g5+ Kh7 46. b6 Qf7 47. Qc7 1/2-1/2

[Event "San Cristobal de La Laguna rapid op"]
[Site "San Cristobal de La Laguna"]
[Date "2024.09.01"]
[Round "6"]
[White "Fiorito, Francisco"]
[Black "Hoffman, Alejandro"]
[Result "1/2-1/2"]
[WhiteElo "2287"]
[BlackElo "2455"]
[PlyCount "106"]
[EventDate "2024.08.31"]
[EventType "swiss"]
[EventRounds "9"]
[EventCountry "ESP"]
[SourceTitle "EXT 2025"]
[Source "ChessBase"]
[SourceDate "2024.10.14"]
[SourceVersion "1"]
[SourceVersionDate "2024.10.14"]
[SourceQuality "1"]

1. Nf3 g6 2. c4 Bg7 3. d4 c5 4. e4 cxd4 5. Nxd4 Nc6 6. Be3 Nf6 7. Nc3 0-0 8. Be2 d6 9. 0-0 Nxd4 10. Bxd4 Bd7 11. Qc2 a5 12. Rad1 Rc8 13. Qb3 Bc6 14. Bb6 Qe8 15. Qc2 a4 16. Be3 a3 17. b4 b5 18. cxb5 Bxb5 19. Bxb5 Qxb5 20. Nxb5 Rxc2 21. e5 dxe5 22. Nxa3 Rxa2 23. Nc4 Ne4 24. Rd7 Ra4 25. Rb7 Rc8 26. g3 f6 27. Nb2 Ra2 28. Nd3 Bf8 29. Nc5 Nd6 30. Rd7 Rb2 31. Na6 Nb5 32. Bc5 Kf7 33. Re1 h5 34. h4 Nc3 35. Ra7 Rd8 36. Nc7 Nd5 37. Rd1 Nxc7 38. Rxd8 Nb5 39. Rb7 Nc3 40. Rdd7 Ke6 41. Bxe7 Bxe7 42. Rxe7+ Kf5 43. Red7 Ne2+ 44. Kf1 Nd4 45. Rb6 Ke4 46. Rxf6 Rxb4 47. Rxg6 Rb1+ 48. Kg2 Nf3 49. Ra7 Rg1+ 50. Kh3 Rh1+ 51. Kg2 Rh2+ 52. Kf1 Rh1+ 53. Kg2 Rg1+ 1/2-1/2

[Event "San Cristobal de La Laguna op-A 6th"]
[Site "San Cristobal de La Laguna"]
[Date "2024.08.30"]
[Round "8"]
[White "Mamani Beltran, Daniel"]
[Black "Hoffman, Alejandro"]
[Result "0-1"]
[WhiteElo "2061"]
[BlackElo "2366"]
[PlyCount "70"]
[EventDate "2024.08.24"]
[EventType "swiss"]
[EventRounds "9"]
[EventCountry "ESP"]
[SourceTitle "CBM 221 Extra"]
[Source "ChessBase"]
[SourceDate "2024.09.30"]
[SourceVersion "1"]
[SourceVersionDate "2024.09.30"]
[SourceQuality "1"]

1. e4 c5 2. Nc3 Nc6 3. Bb5 d6 4. Nge2 Bd7 5. 0-0 g6 6. d4 cxd4 7. Bxc6 Bxc6 8. Nxd4 Bg7 9. Nxc6 bxc6 10. Qd3 Nf6 11. b3 0-0 12. Bb2 Qa5 13. Nd1 Rfd8 14. Ne3 Qb4 15. c4 a5 16. Bc3 Qb7 17. Rad1 Qb6 18. Bd4 Qb7 19. Bc3 Qa7 20. e5 Ne8 21. Qe4 Qb7 22. Qf4 a4 23. Ng4 dxe5 24. Bxe5 f6 25. Rxd8 Rxd8 26. Ba1 axb3 27. axb3 Qxb3 28. Qe4 Rd1 29. Ne3 Rxf1+ 30. Kxf1 Kf7 31. Bd4 Nd6 32. Qh4 Nxc4 33. g3 Qd3+ 34. Kg2 Nd2 35. Kh3 Nf3 0-1

[Event "Caioba op 8th"]
[Site "Caioba"]
[Date "2024.06.24"]
[Round "2"]
[White "Hoffman, Alejandro"]
[Black "De Oliveira, Jairo Quintiliano"]
[Result "1-0"]
[WhiteElo "2355"]
[BlackElo "1960"]
[PlyCount "127"]
[EventDate "2024.06.23"]
[EventType "swiss"]
[EventRounds "9"]
[EventCountry "BRA"]
[SourceTitle "CBM 220 Extra"]
[Source "ChessBase"]
[SourceDate "2024.07.31"]
[SourceVersion "1"]
[SourceVersionDate "2024.07.31"]
[SourceQuality "1"]

1. c4 Nf6 2. Nf3 g6 3. Nc3 Bg7 4. e4 d6 5. d4 0-0 6. h3 c5 7. Be3 Nbd7 8. Be2 cxd4 9. Nxd4 Nc5 10. Qc2 Ne8 11. 0-0 f5 12. exf5 gxf5 13. f4 e5 14. Nf3 e4 15. Nd4 Qh4 16. Kh2 Nf6 17. g3 Qh6 18. Kg2 Kh8 19. b4 Na6 20. Rab1 Rg8 21. Ndb5 Ne8 22. Kf2 Bd7 23. Qd2 Nac7 24. Nxc7 Nxc7 25. Rbd1 a5 26. b5 Rac8 27. Qxd6 Be6 28. Bd4 Ne8 29. Qb6 Qg6 30. Rg1 Bxc4 31. Qxg6 hxg6 32. Bxg7+ Rxg7 33. Bxc4 Rxc4 34. Nd5 Rd7 35. g4 Nc7 36. Nxc7 Rcxc7 37. Kg3 Rc3+ 38. Kh4 Rdd3 39. Kg5 Kg7 40. Rxd3 Rxd3 41. Rc1 Rd7 42. gxf5 gxf5 43. Kxf5 Rd5+ 44. Kxe4 Rxb5 45. Rc2 Kf6 46. Kf3 Rb1 47. Rg2 Rf1+ 48. Kg4 b5 49. h4 Rc1 50. h5 b4 51. Rh2 Rg1+ 52. Kf3 Rf1+ 53. Ke4 Re1+ 54. Kd4 a4 55. h6 Re8 56. h7 Kg7 57. Kc4 b3 58. axb3 axb3 59. Kxb3 Rh8 60. Kc4 Rxh7 61. Rxh7+ Kxh7 62. Kd5 Kg8 63. Ke6 Kg7 64. f5 1-0

[Event "Rio de Janeiro op 3rd"]
[Site "Rio de Janeiro"]
[Date "2024.04.26"]
[Round "7"]
[White "Piccoli, Lucas Fonseca"]
[Black "Hoffman, Alejandro"]
[Result "1/2-1/2"]
[WhiteElo "2274"]
[BlackElo "2379"]
[PlyCount "20"]
[EventDate "2024.04.22"]
[EventType "swiss"]
[EventRounds "9"]
[EventCountry "BRA"]
[SourceTitle "CBM 219 Extra"]
[Source "ChessBase"]
[SourceDate "2024.05.31"]
[SourceVersion "1"]
[SourceVersionDate "2024.05.31"]
[SourceQuality "1"]

1. e4 d6 2. d4 Nf6 3. Nc3 e5 4. Nf3 exd4 5. Nxd4 Be7 6. g3 0-0 7. Bg2 c6 8. 0-0 Re8 9. h3 a5 10. a4 Na6 1/2-1/2

[Event "Rio de Janeiro op 3rd"]
[Site "Rio de Janeiro"]
[Date "2024.04.24"]
[Round "4"]
[White "Hoffman, Alejandro"]
[Black "Campos, Alexandre Ferreira"]
[Result "1-0"]
[WhiteElo "2379"]
[BlackElo "2039"]
[PlyCount "77"]
[EventDate "2024.04.22"]
[EventType "swiss"]
[EventRounds "9"]
[EventCountry "BRA"]
[SourceTitle "CBM 219 Extra"]
[Source "ChessBase"]
[SourceDate "2024.05.31"]
[SourceVersion "1"]
[SourceVersionDate "2024.05.31"]
[SourceQuality "1"]

1. Nf3 Nf6 2. g3 b6 3. Bg2 Bb7 4. 0-0 c5 5. c4 Nc6 6. Nc3 e6 7. Re1 Be7 8. e4 d6 9. d4 e5 10. dxe5 dxe5 11. Qa4 0-0 12. Rd1 Nd7 13. Nd5 Nd4 14. Nxd4 cxd4 15. Qc2 Bd6 16. Bh3 a5 17. Qe2 Nc5 18. Bd2 b5 19. cxb5 Bxd5 20. exd5 Qb6 21. Qc4 Ra7 22. a4 Rc7 23. b4 Nxa4 24. Qf1 Nc3 25. Bxc3 Rxc3 26. bxa5 Qc5 27. b6 Ra8 28. b7 Rxa5 29. Rxa5 Qxa5 30. Ra1 Ra3 31. Rxa3 Qxa3 32. Qc4 h6 33. Qc8+ Kh7 34. b8Q Bxb8 35. Qxb8 d3 36. Qxe5 d2 37. Qf5+ Kg8 38. Qc8+ Kh7 39. Qc2+ 1-0

[Event "URU-ch 94th"]
[Site "Montevideo"]
[Date "2024.03.30"]
[Round "11"]
[White "Hoffman, Alejandro"]
[Black "Elena, Eduardo"]
[Result "1-0"]
[WhiteElo "2377"]
[BlackElo "1972"]
[PlyCount "73"]
[EventDate "2024.03.23"]
[EventType "tourn"]
[EventRounds "11"]
[EventCountry "URU"]
[SourceTitle "CBM 219 Extra"]
[Source "ChessBase"]
[SourceDate "2024.05.31"]
[SourceVersion "1"]
[SourceVersionDate "2024.05.31"]
[SourceQuality "1"]

1. Nf3 g6 2. e4 Bg7 3. d4 Nf6 4. e5 Nd5 5. Be2 0-0 6. 0-0 d6 7. c4 Nb6 8. exd6 cxd6 9. h3 Nc6 10. Nc3 Bd7 11. Bg5 h6 12. Be3 f5 13. d5 Ne5 14. Nxe5 dxe5 15. c5 Nc8 16. Qb3 b6 17. d6+ Kh7 18. Qd5 Rb8 19. c6 e6 20. c7 exd5 21. cxb8Q d4 22. Qc7 dxe3 23. fxe3 Qe8 24. e4 Rf7 25. Ba6 Bf8 26. Rad1 f4 27. Rd3 Bxh3 28. d7 Bxd7 29. Rxd7 Rxd7 30. Qxc8 Bc5+ 31. Kh2 Qe7 32. Rf3 g5 33. Nd5 Rxd5 34. exd5 e4 35. Rh3 Bd6 36. Qe6 f3+ 37. Kg1 1-0

[Event "URU-ch 94th"]
[Site "Montevideo"]
[Date "2024.03.25"]
[Round "3"]
[White "Genta, Alejandro"]
[Black "Hoffman, Alejandro"]
[Result "1-0"]
[WhiteElo "2064"]
[BlackElo "2377"]
[PlyCount "111"]
[EventDate "2024.03.23"]
[EventType "tourn"]
[EventRounds "11"]
[EventCountry "URU"]
[SourceTitle "CBM 219 Extra"]
[Source "ChessBase"]
[SourceDate "2024.05.31"]
[SourceVersion "1"]
[SourceVersionDate "2024.05.31"]
[SourceQuality "1"]

1. d4 Nf6 2. c4 c5 3. d5 g6 4. Nc3 d6 5. e4 Bg7 6. Nf3 0-0 7. Be2 e6 8. 0-0 exd5 9. exd5 Re8 10. Bf4 Ne4 11. Nxe4 Rxe4 12. Bg5 Qb6 13. Bd3 Re8 14. Re1 Bd7 15. Rxe8+ Bxe8 16. Rb1 Nd7 17. Qd2 a5 18. Bf4 Ne5 19. Nxe5 dxe5 20. Bh6 Bh8 21. f4 Bd7 22. Kh1 Re8 23. fxe5 Bxe5 24. b3 Qd6 25. h3 b6 26. Re1 f5 27. Rf1 Bg3 28. Bg5 Qe5 29. Bf4 Bxf4 30. Qxf4 Qxf4 31. Rxf4 Kg7 32. Rf2 Re1+ 33. Rf1 Re8 34. Kg1 Kf6 35. Kf2 Ke5 36. Ke3 g5 37. g3 h5 38. a3 Rf8 39. Re1 f4+ 40. Kd2+ Kd6 41. gxf4 Rxf4 42. Rg1 Rf2+ 43. Kc3 g4 44. hxg4 Bxg4 45. Rf1 Rh2 46. Rf6+ Ke5 47. Rf8 Rh3 48. Re8+ Kd6 49. Kd2 h4 50. Rh8 Rh2+ 51. Ke3 h3 52. Rh4 Bd7 53. Rh6+ Ke5 54. Rh5+ Kf6 55. Rh7 Bg4 56. d6 1-0

[Event "URU-ch 94th"]
[Site "Montevideo"]
[Date "2024.03.25"]
[Round "4"]
[White "Hoffman, Alejandro"]
[Black "Dominguez, Facundo"]
[Result "1/2-1/2"]
[WhiteElo "2377"]
[BlackElo "2111"]
[PlyCount "92"]
[EventDate "2024.03.23"]
[EventType "tourn"]
[EventRounds "11"]
[EventCountry "URU"]
[SourceTitle "CBM 219 Extra"]
[Source "ChessBase"]
[SourceDate "2024.05.31"]
[SourceVersion "1"]
[SourceVersionDate "2024.05.31"]
[SourceQuality "1"]

1. d4 Nf6 2. c4 e6 3. Nc3 Bb4 4. e3 c5 5. Bd3 cxd4 6. exd4 d5 7. Nge2 0-0 8. 0-0 dxc4 9. Bxc4 Nbd7 10. a3 Be7 11. Qd3 Nb6 12. Ba2 Bd7 13. Bg5 Bc6 14. Rad1 Nbd5 15. Rfe1 Rc8 16. h4 Qd6 17. Qh3 Rfe8 18. h5 h6 19. Bc1 Bf8 20. Rd3 e5 21. Red1 Nxc3 22. Nxc3 exd4 23. Rxd4 Qe5 24. Rh4 Rcd8 25. Rf1 Bc5 26. Bf4 Qe7 27. Qg3 Bd6 28. Bxd6 Rxd6 29. b4 Red8 30. Bb1 Rd2 31. b5 Be8 32. Ne4 Nxe4 33. Rxe4 Qd6 34. a4 Qxg3 35. fxg3 a6 36. Rfe1 Kf8 37. Re5 axb5 38. axb5 R2d5 39. Ba2 Rxb5 40. Re7 Ra5 41. Bb3 Rxh5 42. Rxb7 Rf5 43. Kh2 Bc6 44. Rc7 Rf6 45. Bxf7 Rxf7 46. Rxc6 Kg8 1/2-1/2

[Event "URU-ch sf"]
[Site "Montevideo"]
[Date "2024.02.13"]
[Round "7"]
[White "Hoffman, Alejandro"]
[Black "Caitano, Martin Joel"]
[Result "1/2-1/2"]
[WhiteElo "2361"]
[BlackElo "2097"]
[PlyCount "20"]
[EventDate "2024.02.09"]
[EventType "swiss"]
[EventRounds "7"]
[EventCountry "URU"]
[SourceTitle "CBM 218 Extra"]
[Source "ChessBase"]
[SourceDate "2024.03.31"]
[SourceVersion "1"]
[SourceVersionDate "2024.03.31"]
[SourceQuality "1"]

1. d4 Nf6 2. g3 g6 3. Bg2 Bg7 4. e4 d6 5. Ne2 0-0 6. Nbc3 Nbd7 7. 0-0 c5 8. h3 Rb8 9. a4 a6 10. a5 b5 1/2-1/2